| 000 | 00593nam a22002057a 4500 | ||
|---|---|---|---|
| 003 | OSt | ||
| 005 | 20140310183018.0 | ||
| 008 | 130212t xxu||||| |||| 00| 0 eng d | ||
| 020 | _a9712330036 | ||
| 050 |
_aHQ 763.6.P6 _b.L968 2001 |
||
| 100 | _aLugue, Lydia Quirolgico. | ||
| 245 |
_aTextbook on family planning : _cLuque, Lydia Quirolgico. _b with an overview of population trends, problems, and policies / |
||
| 260 |
_aManila : _b Rex Book Store, _c2001. |
||
| 300 |
_a217 p. : _c21 cm. |
||
| 521 | _aNUR | ||
| 562 | _e2 | ||
| 942 |
_2lcc _cBK _kLOC |
||
| 999 |
_c18334 _d18334 |
||